<?xml version="1.0" encoding="UTF-8"?>
<record
    xmlns:xsi="http://www.w3.org/2001/XMLSchema-instance"
    xsi:schemaLocation="http://www.loc.gov/MARC21/slim http://www.loc.gov/standards/marcxml/schema/MARC21slim.xsd"
    xmlns="http://www.loc.gov/MARC21/slim">

  <leader>00694nam a2200205 a 4500</leader>
  <controlfield tag="001">2207</controlfield>
  <controlfield tag="003">CDMR</controlfield>
  <controlfield tag="005">20130530161747.0</controlfield>
  <controlfield tag="008">130130s1995||||||||||||||||||||||||||||d</controlfield>
  <datafield tag="020" ind1=" " ind2=" ">
    <subfield code="a">8492028912</subfield>
  </datafield>
  <datafield tag="040" ind1=" " ind2=" ">
    <subfield code="a">CDMR</subfield>
    <subfield code="b">cat</subfield>
    <subfield code="c">CPC GIRONA</subfield>
  </datafield>
  <datafield tag="100" ind1="1" ind2=" ">
    <subfield code="a">Bov&#xE9;, Miquel</subfield>
    <subfield code="9">1638</subfield>
  </datafield>
  <datafield tag="245" ind1="1" ind2="3">
    <subfield code="a">La premsa de sorra</subfield>
    <subfield code="b">: les publicaciones obreres clandestines a la Catalunya de postguerra (1939-1953)</subfield>
    <subfield code="c">Miquel Bov&#xE9;, Antoni Capilla</subfield>
  </datafield>
  <datafield tag="260" ind1=" " ind2=" ">
    <subfield code="b">Diputaci&#xF3; de Barcelona</subfield>
    <subfield code="a">[Barcelona]</subfield>
  </datafield>
  <datafield tag="260" ind1=" " ind2=" ">
    <subfield code="c">1995</subfield>
    <subfield code="b">Col&#xB7;legi de Periodistes de Catalunya</subfield>
  </datafield>
  <datafield tag="490" ind1="0" ind2=" ">
    <subfield code="a">Vaixells de Paper</subfield>
    <subfield code="v">18</subfield>
  </datafield>
  <datafield tag="650" ind1="0" ind2="4">
    <subfield code="9">3575</subfield>
    <subfield code="a">Literatura clandestina</subfield>
    <subfield code="y">S.XX</subfield>
    <subfield code="z">Catalunya</subfield>
  </datafield>
  <datafield tag="700" ind1="1" ind2=" ">
    <subfield code="9">3576</subfield>
    <subfield code="a">Capilla, Antoni</subfield>
  </datafield>
  <datafield tag="942" ind1=" " ind2=" ">
    <subfield code="c">MON</subfield>
    <subfield code="2">udc</subfield>
  </datafield>
  <datafield tag="999" ind1=" " ind2=" ">
    <subfield code="c">2207</subfield>
    <subfield code="d">2207</subfield>
  </datafield>
  <datafield tag="952" ind1=" " ind2=" ">
    <subfield code="0">0</subfield>
    <subfield code="1">0</subfield>
    <subfield code="4">0</subfield>
    <subfield code="7">0</subfield>
    <subfield code="a">LLEIDA</subfield>
    <subfield code="b">LLEIDA</subfield>
    <subfield code="d">2011-08-04</subfield>
    <subfield code="l">0</subfield>
    <subfield code="o">350COL</subfield>
    <subfield code="p">LLEIDA1312613749</subfield>
    <subfield code="r">2013-01-16</subfield>
    <subfield code="w">2013-01-16</subfield>
    <subfield code="y">MON</subfield>
  </datafield>
  <datafield tag="952" ind1=" " ind2=" ">
    <subfield code="0">0</subfield>
    <subfield code="1">0</subfield>
    <subfield code="4">0</subfield>
    <subfield code="7">0</subfield>
    <subfield code="a">GIRONA</subfield>
    <subfield code="b">GIRONA</subfield>
    <subfield code="d">2010-12-03</subfield>
    <subfield code="l">0</subfield>
    <subfield code="o">Bg 272</subfield>
    <subfield code="p">GIRONA1311612861</subfield>
    <subfield code="r">2013-01-16</subfield>
    <subfield code="w">2013-01-16</subfield>
    <subfield code="y">MON</subfield>
  </datafield>
  <datafield tag="952" ind1=" " ind2=" ">
    <subfield code="0">0</subfield>
    <subfield code="1">0</subfield>
    <subfield code="4">0</subfield>
    <subfield code="7">0</subfield>
    <subfield code="a">CDMR</subfield>
    <subfield code="b">CDMR</subfield>
    <subfield code="d">2013-01-16</subfield>
    <subfield code="l">0</subfield>
    <subfield code="o">Bg VP/18</subfield>
    <subfield code="p">CDMR1312613612</subfield>
    <subfield code="r">2013-01-16</subfield>
    <subfield code="w">2013-01-16</subfield>
    <subfield code="y">MON</subfield>
  </datafield>
  <datafield tag="952" ind1=" " ind2=" ">
    <subfield code="0">0</subfield>
    <subfield code="1">0</subfield>
    <subfield code="4">0</subfield>
    <subfield code="7">1</subfield>
    <subfield code="a">TARRAGONA</subfield>
    <subfield code="b">TARRAGONA</subfield>
    <subfield code="d">2013-07-24</subfield>
    <subfield code="l">0</subfield>
    <subfield code="o">PPR</subfield>
    <subfield code="p">TARRAGONA13076855</subfield>
    <subfield code="r">2013-07-24</subfield>
    <subfield code="w">2013-07-24</subfield>
    <subfield code="y">MON</subfield>
  </datafield>
  <datafield tag="952" ind1=" " ind2=" ">
    <subfield code="0">0</subfield>
    <subfield code="1">0</subfield>
    <subfield code="4">0</subfield>
    <subfield code="7">1</subfield>
    <subfield code="a">EBRE</subfield>
    <subfield code="b">EBRE</subfield>
    <subfield code="d">2015-05-21</subfield>
    <subfield code="e">Donaci&#xF3;</subfield>
    <subfield code="l">0</subfield>
    <subfield code="o">92290</subfield>
    <subfield code="r">2015-05-27</subfield>
    <subfield code="w">2015-05-27</subfield>
    <subfield code="y">MON</subfield>
    <subfield code="z">Donaci&#xF3; a la biblioteca Marcel&#xB7;l&#xED; Domingo</subfield>
  </datafield>
  <datafield tag="952" ind1=" " ind2=" ">
    <subfield code="0">0</subfield>
    <subfield code="1">0</subfield>
    <subfield code="4">0</subfield>
    <subfield code="7">1</subfield>
    <subfield code="a">EBRE</subfield>
    <subfield code="b">EBRE</subfield>
    <subfield code="d">2015-05-21</subfield>
    <subfield code="e">Donaci&#xF3;</subfield>
    <subfield code="l">0</subfield>
    <subfield code="o">07(467.1) BOV</subfield>
    <subfield code="r">2015-05-27</subfield>
    <subfield code="w">2015-05-27</subfield>
    <subfield code="y">MON</subfield>
    <subfield code="z">Donaci&#xF3; a la biblioteca Marcel&#xB7;l&#xED; Domingo</subfield>
  </datafield>
  <datafield tag="952" ind1=" " ind2=" ">
    <subfield code="0">0</subfield>
    <subfield code="1">0</subfield>
    <subfield code="4">0</subfield>
    <subfield code="7">1</subfield>
    <subfield code="a">EBRE</subfield>
    <subfield code="b">EBRE</subfield>
    <subfield code="d">2015-05-21</subfield>
    <subfield code="e">Donaci&#xF3;</subfield>
    <subfield code="l">0</subfield>
    <subfield code="o">07 PRE     </subfield>
    <subfield code="r">2015-05-27</subfield>
    <subfield code="w">2015-05-27</subfield>
    <subfield code="y">MON</subfield>
    <subfield code="z">Donaci&#xF3; a la biblioteca Marcel&#xB7;l&#xED; Domingo</subfield>
  </datafield>
  <datafield tag="952" ind1=" " ind2=" ">
    <subfield code="0">0</subfield>
    <subfield code="1">0</subfield>
    <subfield code="4">0</subfield>
    <subfield code="7">1</subfield>
    <subfield code="a">EBRE</subfield>
    <subfield code="b">EBRE</subfield>
    <subfield code="d">2015-05-21</subfield>
    <subfield code="e">Donaci&#xF3;</subfield>
    <subfield code="l">0</subfield>
    <subfield code="o">CL 07 BOV</subfield>
    <subfield code="r">2015-05-27</subfield>
    <subfield code="w">2015-05-27</subfield>
    <subfield code="y">MON</subfield>
    <subfield code="z">Donaci&#xF3; a la biblioteca Marcel&#xB7;l&#xED; Domingo</subfield>
  </datafield>
</record>
